| 000 | 00613nam a2200145Ia 4500 | ||
|---|---|---|---|
| 008 | 171212s9999 xx 000 0 und d | ||
| 020 | _a9781921536083 | ||
| 100 | _aBreen, Bob | ||
| 245 |
_cBreen, Bob _aStruggling for Self Reliance _bFour case studies of Australian Regional Force Projection in the late 1980s and the 1990s |
||
| 260 |
_bANU E Press _c2008 |
||
| 440 | _aStrategic and Defence Studies Centre (SDSC) | ||
| 650 | _aAustralia -- Armed Forces; National security -- Australia; Australia -- Defenses -- Case studies | ||
| 650 | _aPolitical Science | ||
| 856 | _uwww.jstor.org/stable/10.2307/j.ctt24h7g7 | ||
| 999 |
_c351325 _d351325 |
||